States with the fewest rainfall - Statistics

General Stats
  • This quiz has been taken 28 times
  • The average score is 6 of 8
Answers on the Grid
Answers color-coded by a green-red scale on the quiz's grid according to % correct below.
Arizona
Hawaii
Texas
Tennessee
Alabama
Nevada
Montana
New Hampshire
Idaho
Michigan
Connecticut
Alaska
California
Colorado
North Dakota
New York
 
Answer Stats
Answer % Correct
Arizona
82%
Nevada
82%
North Dakota
82%
Idaho
73%
Montana
73%
Colorado
64%
California
55%
Texas
55%
No matching quizzes found
Score Distribution
Percent of People with Each Score
Percentile by Number Answered
Your Score History
You have not taken this quiz